000 00453nam a2200181Ia 4500
001 15486
005 20260306170159.0
008 260306t2008||||xx |||||||||||||| ||und||
041 _aESP
082 _a541.3
_bCH518
100 _aChang, Raymond
_eAUT
245 0 _aFisicoquímica:
_bpara las ciencias químicas y biológicas
260 _c2008
300 _a1018 páginas :
_c27 cm.
650 _aGEN
654 _aCCN
942 _cLIB
_dJUS
_fJUS
_2ddc
_n
999 _c15486
_d15486